Константин Петрович Победоносцев: мыслитель, ученый, человек (Запись № 182209)

Подробности
000 -МАРКЕР
контрольное поле 02211nam0a2200349 4500
001 - ИДЕНТИФИКАТОР ЗАПИСИ
контрольное поле RU\NLR\bibl\1242124
005 - ИДЕНТИФИКАТОР ВЕРСИИ
контрольное поле 20260407184319.0
010 ## - МЕЖДУНАРОДНЫЙ СТАНДАРТНЫЙ НОМЕР КНИГИ (ISBN)
Номер (ISBN) 5-7716-0055-8
Тираж 200
021 ## - НОМЕР ГОСУДАРСТВЕННОЙ РЕГИСТРАЦИИ
Код страны Российская Федерация
Номер 2008-56902
Номер Листа государственной регистраци 3168
035 ## - ДРУГИЕ СИСТЕМНЫЕ НОМЕРА
Идентификатор записи (NLR Aleph) 001228304
100 ## - ДАННЫЕ ОБЩЕЙ ОБРАБОТКИ
Данные общей обработки 20080618d2007 |||y0rusy50 ca
101 0# - ЯЗЫК РЕСУРСА
Язык текста, звукозаписи и т.д. русский
102 ## - СТРАНА ПУБЛИКАЦИИ ИЛИ ПРОИЗВОДСТВА
Страна публикации Российская Федерация
105 ## - ПОЛЕ КОДИРОВАННЫХ ДАННЫХ: ТЕКСТОВЫЕ МАТЕРИАЛЫ, МОНОГРАФИЧЕСКИЕ
Кодированные данные о монографическом текстовом документе a |||||||||
200 1# - ЗАГЛАВИЕ И СВЕДЕНИЯ ОБ ОТВЕТСТВЕННОСТИ
Основное заглавие Константин Петрович Победоносцев: мыслитель, ученый, человек
Сведения, относящиеся к заглавию материалы Международной юбилейной научной конференции, посвященной 180-летию со дня рождения и 100-летию со дня кончины К.П. Победоносцева, Санкт-Петербург, 1-3 июня 2007 года
Первые сведения об ответственности [редкол.: В.В. Ведерников (отв. ред.), к.ист.н. и др.]
210 ## - ПУБЛИКАЦИЯ, РАСПРОСТРАНЕНИЕ И ДР.
Место издания, распространения и т.д. Санкт-Петербург
Имя издателя, распространителя и т. д. Санкт-Петербургская митрополия
Дата издания, распространения и т.д. 2007
215 ## - ФИЗИЧЕСКАЯ ХАРАКТЕРИСТИКА
Специфическое обозначение материала и объем 239, [4] с., [16] л. ил., портр., факс.
Размеры 22
300 ## - ОБЩИЕ ПРИМЕЧАНИЯ
Текст примечания В надзаг.: С.-Петерб. митрополия, Воскресен. Новодевичий монастырь, Воскресная шк.
320 ## - ПРИМЕЧАНИЯ О НАЛИЧИИ В ДОКУМЕНТЕ БИБЛИОГРАФИИ / УКАЗАТЕЛЯ
Текст примечания Библиогр. в подстроч. примеч.
600 #1 - ИМЯ ЛИЦА КАК ПРЕДМЕТ
Начальный элемент ввода Победоносцев
Часть имени, кроме начального элемента ввода К.П.
Даты 1827 - 1907
Расширение инициалов личного имени Константин Петрович
Формальный подзаголовок Съезды, совещания и т.п.
Системный номер авторитетной/нормативной записи 889420
Идентификатор авторитетной/нормативной записи RU\NLR\auth\66321471
686 ## - ИНДЕКСЫ ДРУГИХ КЛАССИФИКАЦИЙ
Индекс Т3(2)5-8я431
702 #1 - ИМЯ ЛИЦА - ВТОРИЧНАЯ ОТВЕТСТВЕННОСТЬ
Начальный элемент ввода Ведерников
Часть имени, кроме начального элемента ввода В. В.
Расширение инициалов личного имени Виталий Валерьевич
Код отношения Редактор
702 #1 - ИМЯ ЛИЦА - ВТОРИЧНАЯ ОТВЕТСТВЕННОСТЬ
Код отношения Прочие
Материалы, к которым относится поле rus
Графика поля Кириллица
Начальный элемент ввода Победоносцев
Часть имени, кроме начального элемента ввода К. П.
Дополнения к именам, кроме дат гос. деятель
Даты 1827-1907
Расширение инициалов личного имени Константин Петрович
Идентификатор авторитетной/нормативной записи RU\NLR\auth\7756326
Системный номер авторитетной/нормативной записи 39258
711 12 - НАИМЕНОВАНИЕ ОРГАНИЗАЦИИ - АЛЬТЕРНАТИВНАЯ ОТВЕТСТВЕННОСТЬ
Начальный элемент ввода "К. П. Победоносцев и его роль в истории России", международная юбилейная научная конференция
Дата проведения временной организации 2007
Место проведения временной организации Санкт-Петербург
Идентификатор авторитетной/нормативной записи RU\NLR\AUTH\8810120244
Системный номер авторитетной/нормативной записи 738939
801 #0 - ИСТОЧНИК ЗАПИСИ
Страна Российская Федерация
Организация NLR
Дата составления 20080618
Правила каталогизации RCR
801 #1 - ИСТОЧНИК ЗАПИСИ
Страна Российская Федерация
Организация NLR
Дата составления 20080618
830 ## - ОБЩЕЕ ПРИМЕЧАНИЕ, СОСТАВЛЕННОЕ КАТАЛОГИЗАТОРОМ
Текст примечания ред. по ЭК
942 ## - ДОПОЛНИТЕЛЬНЫЕ ЭЛЕМЕНТЫ ЗАПИСИ (АБИС)
Тип экземпляра АБИС Книга
980 ## - КОЛЛЕКЦИЯ
Название коллекции Национальная библиография
Экземпляры
Тип экземпляра Дата поступления Источник поступления Стоимость Библиотека постоянного хранения Библиотека текущего хранения Место хранения Шифр хранения Штрих-код Статус экземпляра
Книга 18.06.2008 Дар 150.00 РНБ (Московский) РНБ (Московский) Русский книжный фонд: издания с 1957 года 2008-5/5181 1-1038097  
Книга 16.09.2008 Обязательный экземпляр   РНБ (Московский) РНБ (Московский) Русский книжный фонд: издания с 1957 года 2008-5/5181 2754953  
Книга 16.09.2008 Подсобные фонды РНБ   РНБ (Садовая) РНБ (Садовая) Фонд международного книгообмена   2754954